AUTISM: PSYCHOLOGICAL NEUROLOGICAL & CLINICAL (Record no. 24583)

MARC details
000 -LEADER
fixed length control field 00313nam a22001337a 4500
003 - CONTROL NUMBER IDENTIFIER
control field SGT
020 ## - INTERNATIONAL STANDARD BOOK NUMBER
International Standard Book Number 978-93-80316-49-9
082 ## - DEWEY DECIMAL CLASSIFICATION NUMBER
Classification number 150
Item number JHA
100 ## - MAIN ENTRY--PERSONAL NAME
Personal name JHA, VIVEK KUMAR
245 ## - TITLE STATEMENT
Title AUTISM: PSYCHOLOGICAL NEUROLOGICAL & CLINICAL
260 ## - PUBLICATION, DISTRIBUTION, ETC. (IMPRINT)
Place of publication, distribution, etc DELHI
Name of publisher, distributor, etc AHUJA PUB.
Year of Publication 2021
300 ## - PAGE DESCRIPTION
No. of Pages 359
942 ## - ADDED ENTRY ELEMENTS (KOHA)
Source of classification or shelving scheme Dewey Decimal Classification
Koha item type Books
Holdings
Withdrawn status Lost status Source of classification or shelving scheme Damaged status Not for loan Home library Current library Shelving location Date acquired SGTU Total Checkouts Full call number Accession No. (Barcode) Date last seen Bill Date Koha item type
    Dewey Decimal Classification   Not For Loan SGT Science & Social Sciences Library SGT Science & Social Sciences Library On Display 02/08/2023 SGTU   150 JHA CM6916 02/08/2023 02/08/2023 Books